Normal view
MARC view
Entry Personal Name
001 - CONTROL NUMBER
- control field: 2888
003 - CONTROL NUMBER IDENTIFIER
- control field: BD-RjUL
005 - DATE AND TIME OF LATEST TRANSACTION
- control field: 20220510120828.0
008 - FIXED-LENGTH DATA ELEMENTS
- fixed length control field: 220510|| aca||aabn | a|a d
040 ## - CATALOGING SOURCE
- Original cataloging agency: BD-RjUL
- Transcribing agency: BD-RjUL
100 ## - HEADING--PERSONAL NAME
- Personal name: Alam, Md. Mahbub-ul, Co-Supervisor
670 ## - SOURCE DATA FOUND
- Source citation: Work cat.: (BD-RjUL)79777: Basak, Ashesh 2886, Stages of Development of Cancer and Rajshahi Levelbof Awareness Among the patients of Rajshahi Medical College hospital, Bangladesh /, 2010